00994nabaa22001697a 4500003000400000005001700004008004100021040000700062100002400069245012500093300001300218505033300231505009000564650002700654700002800681773011500709OSt20260122084610.0190701b xxu||||| |||| 00| 0 spa d cPJ aFlores, Álvaro B.13aLa aplicación de la Ley General de Sociedades en las empresas públicas /cÁlvaro B. Flores, Augusto José Paulos. ap. 63-70 aSumario: I. Cuestiones preliminares.— II. El marco normativo aplicable.— III. El funcionamiento y la organización de las Sociedades del Estado.— IV. El funcionamiento y la organización de las sociedades anónimas estatales y las sociedades anónimas con participación estatal mayoritaria.— V. Palabras finales.  t¿Te interesa el texto completo? Comunicate al correo: koha@justierradelfuego.gov.ar  0aDERECHO ADMINISTRATIVO aPaulos, Augusto José 0 02842dBuenos Aires : AbeledoPerrot, 2012-oDA121tDerecho administrativo. Nº 145 enero/febrero 2023z18510590